[Event "Isthmia op 1st"]
[Site "Vrachati"]
[Date "2011.08.20"]
[Round "3"]
[White "Nikolaidis, Ioannis"]
[Black "Atalik, Suat"]
[Result "1/2-1/2"]
[WhiteElo "2545"]
[BlackElo "2619"]
[Annotator "Atalik,S"]
[PlyCount "73"]
[EventDate "2011.08.18"]
[EventType "swiss"]
[EventRounds "9"]
[EventCountry "GRE"]
[SourceTitle "CBM 144 Extra"]
[Source "ChessBase"]
[SourceDate "2011.10.28"]
[SourceVersion "1"]
[SourceVersionDate "2011.10.28"]
[SourceQuality "1"]

1. c4 Nf6 2. Nc3 d5 $5 {Something I am not always for.} (2... e5 3. Nf3 Nc6 4.
g3 d5 5. cxd5 Nxd5 6. Bg2 Nb6 7. O-O Be7 8. d3 O-O 9. a3 Be6 10. b4 a5 11. b5
Nd4 12. Rb1 (12. Bb2 f6 13. Nxd4 exd4 14. Nb1 $5 Bd5 15. Nd2 Bxg2 16. Kxg2 c5
17. bxc6 bxc6 18. Qb3+ Kh8 $13) 12... f6 13. Nd2 Qc8 14. e3 Nf5 15. Qc2 Rd8 16.
Bb2 Nh6 $5 $13 {are the trendy lines.}) 3. cxd5 Nxd5 4. d4 g6 5. e4 Nxc3 6.
bxc3 Bg7 7. Bc4 ({There are other lines bringing queens swap.} 7. Be3 c5 8. Qd2
Qa5 9. Rc1 (9. Rb1 cxd4 10. cxd4 Qxd2+ 11. Kxd2 O-O 12. Bd3 Rd8 13. Nf3 e6 14.
Rhc1 Nc6 15. e5 (15. Rc4 Bd7) 15... h6 16. Ke2 Bf8 17. Be4 Nb4 18. Rc7 Nd5 19.
Bxd5 exd5 $1 $132) 9... cxd4 10. cxd4 Qxd2+ 11. Bxd2 O-O 12. Nf3 e6 13. Bb5 (
13. Bc4 Nc6 14. d5 exd5 15. Bxd5 Be6 $1 $11) 13... Nc6 14. Bxc6 bxc6 15. O-O
Ba6 16. Rfe1 Bb5 $11) (7. Nf3 c5 8. Be3 Qa5 9. Qd2 Nc6 10. Rb1 cxd4 11. cxd4
O-O $5 12. Qxa5 Nxa5 13. Bd2 b6 $13) 7... c5 8. Ne2 Nc6 9. Be3 cxd4 10. cxd4
Qa5+ $5 11. Qd2 $6 {Anyway he goes for the queens exchange. Despite of the bad
reputation this line is very playable for White.} (11. Bd2 Qd8 $5 12. Bc3 (12.
d5 Ne5 13. Bc3 Bd7 14. Bb3 Rc8 15. Rc1 (15. O-O O-O 16. f4 Rxc3 17. Nxc3 Ng4
18. Qf3 Bd4+ 19. Kh1 Qa5 20. Rac1 Rc8 $40) 15... Qb6) 12... O-O 13. O-O (13.
Qd2 Bd7) 13... Bg4 14. f3 Bd7 15. Rb1 Qc7 16. Qd2 a6 $14) (11. Kf1 Bd7 12. Rb1
Nd8 $132) 11... O-O (11... Qxd2+ 12. Kxd2 O-O 13. Rhd1 Rd8 14. Ke1 b6 15. Rac1
Bb7 16. f3 Rac8 $11) 12. Rc1 (12. Rd1 Qxd2+ 13. Rxd2 Na5 14. Bd3 Bd7 15. O-O
Rfc8 $132) 12... Qxd2+ (12... Bd7 13. Qxa5 Nxa5 14. Bd3 Rfc8 15. Kd2 e6 16.
Rxc8+ Rxc8 17. Rc1 Rxc1 18. Nxc1 Kf8 $11) 13. Kxd2 Rd8 (13... e6 14. Rhd1 Bd7
$132) 14. Rhd1 (14. Kc3 Na5 15. Bd3 Be6 $17) (14. Bd5 Nxd4 15. Nxd4 e6 16. Nb5
exd5 17. Nc7 dxe4+ 18. Kc2 Bd7 19. Nxa8 Rxa8 $13 (19... Ba4+ 20. Kb1 Rxa8 21.
Rc5 Bc6 $13)) 14... Nxd4 $6 {I really dislike this hasty exchange.} (14... Bd7
$142 $14) 15. Nxd4 (15. Bxd4 e5 (15... Bxd4 16. Nxd4 Rxd4+ 17. Ke3 Rd7 18. Bb3
Rxd1 19. Rxd1 Kg7 20. Rd8 Rb8 $11) 16. Bb3 Be6 17. Bxe6 fxe6 18. f4 exd4 19.
Kd3 e5 20. Rc7 $11 {All these lines are leading to equality.}) 15... e5 $6 (
15... Bxd4 16. Ke1 e5 17. Bxd4 Rxd4 (17... exd4 18. Bd5 Be6 19. Bxe6 fxe6 20.
Rc7 Rab8 21. Re7 $14) 18. Rxd4 exd4 19. Bd5 Be6 20. Bxe6 fxe6 21. Rc7 $44) 16.
Bd5 exd4 17. Bf4 $1 $16 {Now Black is in trouble.} (17. Bg5 Rd6 18. Rc7 Be6 19.
Rdc1 Ra6 20. Rxb7 Bxd5 21. exd5 Rxa2+ 22. Rc2 Rxc2+ 23. Kxc2 Bf8 $14) 17... Re8
(17... Rd7 $6 18. Rc4 Re7 19. Bg5 $16) 18. Rc7 Be6 19. Rb1 Rad8 $2 {I had to
go for a simplified endgame.} (19... Bxd5 $142 20. exd5 Be5 21. Bxe5 Rxe5 22.
Rbxb7 Rf5 23. f3 Rd8 24. Rd7 Rxd7 25. Rxd7 Kg7 26. Kd3 Kf6 27. Kxd4 Rf4+ 28.
Kc5 Ra4 $132) 20. Rbxb7 (20. Bxe6 Rxe6 21. Rbxb7 Rxe4 22. Rxf7 Bf8 23. Kd3)
20... Bxd5 21. exd5 Rxd5 22. Rxf7 Bf8 23. Kd3 $2 (23. Rxh7 Re4 (23... d3 24.
Be3 a5 25. Rhd7 Ree5 26. h4 Bb4+ 27. Kd1 $18) 24. g3 d3 25. Be3 $16 Ra4 26.
Rxa7 Rxa2+ 27. Rxa2 Bb4+ 28. Kd1 Kxh7 29. Bd2 $18 {should have been considered
as a technical win.}) 23... Ra5 $1 24. Rxa7 Rxa2 25. Rxa2 (25. Rxf8+ Rxf8 26.
Rxa2 Rxf4 27. f3 g5 28. Ra4 Kg7 29. Rxd4 Rf6 $14 {is more or less a draw.})
25... Kxf7 26. Kxd4 Bg7+ 27. Kd5 Bf6 (27... g5 $5 28. Ra7+ Kg6 $14) 28. Bd6 g5
29. g4 Kg6 30. Ra6 (30. f4 gxf4 31. Bxf4 Rd8+ 32. Ke4 Rd4+ 33. Kf3 Rd3+ 34. Ke2
Rd5 $14 {looks unbreakable.}) 30... h5 31. h3 ({He could not have made use of
the latteral pin.} 31. Ba3 $2 Re5+) (31. Bc5 $2 Re5+) 31... hxg4 32. hxg4 Rd8
33. Ke6 Re8+ 34. Kd7 Re4 35. f3 Re3 36. Ra3 Rxa3 37. Bxa3 1/2-1/2

[Event "Bundesliga 9293"]
[Site "Germany"]
[Date "1993.??.??"]
[Round "?.2"]
[White "Bangiev, Alexander J"]
[Black "Jasnikowski, Zbigniew"]
[Result "0-1"]
[WhiteElo "2395"]
[BlackElo "2460"]
[Annotator "Bangiev,A"]
[PlyCount "124"]
[EventDate "1992.10.24"]
[EventType "team-tourn"]
[EventRounds "15"]
[EventCountry "GER"]
[SourceTitle "CBM 038"]
[Source "ChessBase"]
[SourceDate "1994.02.01"]
[SourceVersion "1"]
[SourceVersionDate "1994.02.01"]
[SourceQuality "1"]
[WhiteTeam "Bielefeld"]
[BlackTeam "Erfurt"]
[WhiteTeamCountry "GER"]
[BlackTeamCountry "GER"]

1. d4 Nf6 2. c4 g6 3. Nc3 d5 4. cxd5 Nxd5 5. e4 Nxc3 6. bxc3 Bg7 7. Bc4 c5 8.
Ne2 Nc6 9. Be3 O-O 10. h4 cxd4 11. cxd4 Qd6 12. Rb1 $146 (12. Rc1 $6 Rd8 $15) (
12. Kf1 Rd8 $15) 12... Rd8 13. e5 $5 Qc7 14. e6 $5 (14. Qc1 Bf5 (14... Na5 $2
15. Bxf7+ $18) 15. Rb3 Rac8 16. Rc3 Qa5 $1 17. Kf1 e6 $15) (14. Rc1 Bxe5 $17)
14... Nxd4 $5 (14... fxe6 15. Qc2 {/\ h5} Qa5+ (15... Na5 $2 16. Bxe6+ $18) 16.
Kf1 (16. Bd2 $6 Qf5 (16... Qh5 $6 17. Rb5 $1) 17. Bd3 Qg4 $1 18. f3 (18. h5
Nxd4 19. Nxd4 Qxd4 $17) 18... Qxg2 19. Rg1 Qxf3 20. Bxg6 Qxe2+ $1 $17) 16...
Nxd4 17. Bxd4 Bxd4 18. Rb5 $1 (18. h5 $6 Qf5 $17) 18... Qa3 19. h5 $1 $36) (
14... Bxe6 15. Bxe6 fxe6 16. h5 Nxd4 (16... e5 17. Qb3+ Kf8 18. hxg6 hxg6 19.
Rh7 $13 (19. dxe5 $5) (19. d5 $5) 19... Nxd4 $6 20. Nxd4 exd4 21. Bh6 $16) 17.
Bxd4 Bxd4 18. Qb3 Qa5+ (18... Qe5 19. hxg6 hxg6 20. Qh3 Qf5 21. Qh7+ (21. Qxf5
exf5 22. Rxb7 Bc5 23. Nf4 Rab8 $15) 21... Kf8 22. O-O $5 $13) 19. Kf1 Qf5 20.
f3 $5 Qe5 21. Rh4 $5 $13) 15. exf7+ Kf8 16. Bxd4 (16. Qc1 $5 {/\ 17.Nd4 Bd4 18.
Bh6 Bg7 19.Qc3} Nxe2 17. Kxe2 $13) (16. Nxd4 $2 Qxc4 $17) (16. Rc1 $2 Nf3+ $17)
16... Bxd4 17. Qc1 Bg7 18. O-O (18. h5 $5 Bf5 19. hxg6 hxg6 (19... Bxb1 $6 20.
gxh7 Bxh7 21. Rxh7 Qa5+ (21... Rac8 22. Qg5 $1 $16) 22. Kf1 Rac8 (22... Qd2 $2
23. Qxd2 Rxd2 24. Nf4 $18) 23. Nf4 Rxc4 24. Ne6+ (24. Qxc4 $5) 24... Kxf7 25.
Nxd8+ Kg8 26. Rxg7+ Kxg7 27. Ne6+ $16) 20. Rb5 (20. Rh8+ Bxh8 21. Qh6+ Bg7 22.
Qh7 e6 23. Qg8+ Ke7 24. Qxg7 Rf8 $17 25. Rc1 Qa5+ 26. Kf1 Qd2 $17) (20. Nf4 $2
Rd4 $17) 20... Rac8 (20... e6 21. Nf4 $5 Qxf7 (21... Kxf7 22. Rxf5+ $16) (21...
Rd4 22. Rxf5 $1 $16 Rxf4 $8 23. Rxf4 $18) 22. Rxf5 Qxf5 23. Nxe6+ Ke7 24. Nxg7
Qe5+ 25. Qe3 Qxe3+ 26. fxe3 b5 27. Bb3 a5 28. Ne6 $14) 21. Rh4 (21. Rh8+ Bxh8
22. Qh6+ Bg7 23. Qh7 e6 24. Qg8+ (24. Rxf5 Qxc4 $5) 24... Ke7 25. Qxg7 Rf8)
21... e6 $1 (21... a6 $5 22. Rxf5 gxf5 23. Nf4 $1 Qxc4 (23... Qa5+ 24. Ke2 $5
$14) 24. Ng6+ Kxf7 25. Rxc4 Rxc4 26. Qxc4+ Kxg6 27. Qe6+ Bf6 28. g4 $14) 22.
Nf4 (22. Qa3+ Qd6 $17) 22... Qxf7 $5 (22... Kxf7 23. Nxe6 (23. Rxf5+ gxf5 24.
Nxe6 Re8) (23. Bxe6+ Kf6 24. Nd5+ (24. Qb2+ Qc3+ $1) (24. Bc4 $5 $13) 24...
Rxd5 25. Qxc7 Rxc7 26. Bxd5 $10) 23... Bxe6 (23... Qxc4 $2 24. Nxd8+) 24. Bxe6+
Kxe6 25. Qe3+ Be5 $10 26. Qb3+ Kf6 27. Qf3+ Ke6) 23. Qa3+ (23. Rxf5 Qxf5 24.
Nxe6+ Qxe6+ $19) 23... Ke8 $13 (23... Qe7 $2 24. Rxf5+ $1 $16) 24. Rc5 $5)
18... Bf5 19. Bb3 Qxc1 20. Rbxc1 Bh6 $1 21. Rcd1 Bd3 $1 $15 22. Rfe1 b5 23. Be6
Rd6 24. Nc3 $5 Rad8 $6 25. Rxd3 $1 Rxd3 26. Nxb5 Rd1 27. Kf1 a6 $1 28. Nc7
Rxe1+ 29. Kxe1 Rd6 30. Bb3 Bd2+ $1 31. Ke2 Ba5 32. Ne6+ Kxf7 33. Nc5+ Kg7 34.
Nb7 Rd2+ 35. Ke3 Bb4 36. Nc5 Rd6 37. Nd3 Bc3 38. Ke2 e5 39. f3 a5 40. g3 h6 41.
Ke3 Kf6 42. Ke2 Bd4 43. Ne1 g5 44. hxg5+ hxg5 45. Nd3 Rd8 46. Nf2 Bxf2 47. Kxf2
Rd4 48. Ke3 Ke7 49. Bg8 Kd6 50. Bf7 Kc5 51. Be6 Kb4 52. Bf7 Ka3 53. Be6 Kb2 54.
Bf7 Kb1 55. Be6 Ra4 56. Bd5 Rxa2 57. Ke4 Rd2 58. Bf7 Rf2 59. Bd5 Rg2 60. g4 Rd2
61. Bf7 Rd4+ 62. Kxe5 Rf4 0-1

[Event "Belgrade GMA op"]
[Site "Belgrade"]
[Date "1988.??.??"]
[Round "?"]
[White "Piskov, Yury"]
[Black "Groszpeter, Attila"]
[Result "0-1"]
[WhiteElo "2415"]
[BlackElo "2510"]
[Annotator "Bareev,E"]
[PlyCount "145"]
[EventDate "1988.12.??"]
[EventType "swiss"]
[EventRounds "9"]
[EventCountry "YUG"]
[SourceTitle "TD"]
[Source "ChessBase"]
[SourceDate "1994.03.01"]
[SourceVersion "1"]
[SourceVersionDate "1994.03.01"]
[SourceQuality "1"]

1. d4 Nf6 2. c4 g6 3. Nc3 d5 4. cxd5 Nxd5 5. e4 Nxc3 6. bxc3 Bg7 7. Bc4 c5 8.
Ne2 Nc6 9. Be3 O-O 10. O-O Qc7 11. Rc1 Rd8 12. Bf4 Qd7 13. d5 Na5 14. Bd3 e5
15. Bg3 $5 c4 16. Bc2 Qe7 $1 17. Qe1 $1 b5 (17... f5 18. f4 fxe4 19. Bxe4 exf4
20. Nxf4 $16) 18. Kh1 {/\ f4, h3, Ng1-f3} Rf8 19. f4 f6 20. h3 Nb7 21. Ng1 Bd7
22. Rd1 Nd6 23. fxe5 fxe5 24. Nf3 g5 $6 (24... a5) 25. Qe3 g4 26. hxg4 Bxg4 27.
Rf2 $1 Bxf3 (27... a5 28. Rdf1 b4 29. Nh4 Rxf2 30. Rxf2 Rf8 31. Nf5 $16) 28.
gxf3 Kh8 29. Rh2 Bf6 (29... Qf6 30. Kg2 $1 {/\ R dh1<=>}) 30. f4 $1 $16 Rg8 31.
Rdd2 Rg7 32. Rh3 Rag8 33. Rdh2 Nf7 (33... a5 34. a3 $1 Rf8 35. Rh5 Rfg8 36.
R2h3 $16) 34. Rh5 $1 exf4 35. e5 $4 (35. Qxf4 $1 Ne5 (35... Be5 36. Rxe5 Rxg3
37. Rxh7+ Kxh7 38. Rxe7 $18) 36. Qf5 $18 {/\ d6}) 35... Nxe5 36. Bxh7 Rxg3 $1 {
[]} 37. Bxg8+ Kxg8 38. Qxf4 Rg6 $19 39. Qe4 Qc5 40. Rg2 Rxg2 41. Kxg2 Qe7 42.
Rh3 Nf7 43. Qg6+ Bg7 44. Rg3 Nd6 45. a3 Qe4+ 46. Kf1 Nf5 47. Rg5 Ne3+ 48. Kf2
Qxg6 49. Rxg6 Nxd5 50. a4 bxa4 51. Ra6 Bxc3 52. Rxa4 Bb4 53. Ra6 c3 54. Rc6 Kf7
55. Ke2 a5 56. Kd3 Ne7 57. Rb6 Ke8 58. Rb7 Kd8 59. Ra7 Nc6 60. Rh7 Ne7 61. Rh6
Kc7 62. Kc2 Nc6 63. Rh4 Kd6 64. Kb3 Kd5 65. Rh5+ Ne5 66. Rh1 Nf3 67. Rh5+ Ke4
68. Rh1 Nd4+ 69. Kc4 Nf5 70. Kb3 Ne3 71. Rh8 c2 72. Rc8 Kd3 73. Rd8+ 0-1

[Event "Pardubice Czech op-A 21st"]
[Site "Pardubice"]
[Date "2010.07.28"]
[Round "6"]
[White "Korobov, Anton"]
[Black "Smith, Axel"]
[Result "1-0"]
[WhiteElo "2657"]
[BlackElo "2416"]
[Annotator "CB"]
[PlyCount "59"]
[EventDate "2010.07.23"]
[EventType "swiss"]
[EventRounds "9"]
[EventCountry "CZE"]
[SourceTitle "CBM 137 Extra"]
[Source "ChessBase"]
[SourceDate "2010.09.01"]
[SourceVersion "1"]
[SourceVersionDate "2010.09.01"]
[SourceQuality "1"]

1. d4 Nf6 2. c4 g6 3. Nc3 d5 4. cxd5 Nxd5 5. e4 Nxc3 6. bxc3 Bg7 7. Bc4 c5 8.
Ne2 Nc6 9. Be3 O-O 10. O-O Na5 11. Bd3 b6 12. Qd2 e5 13. Bh6 cxd4 14. cxd4 exd4
15. Bxg7 Kxg7 16. f4 f6 17. f5 Qd6 {#If the position looks familiar, it is
because it is almost identical to the opening in the first game of the World
Championship, in which Anand infamously forgot his preparation. Almost
identical, but not quite, as in the aforementioned game, White had inserted
Rac1 a couple of moves earlier.} 18. Nf4 gxf5 $2 {This goes against the
classic adage to not open lines when your opponent is better developed.
Especially around the king.} ({Though} 18... g5 {did not look fun for Anand,
it still seems the safest route even here with the slight difference.} 19. Nh5+
Kh8 {etc.}) 19. exf5 Nc6 $6 ({Black should really be trying to develop extra
quick now with} 19... Bd7 {and has seriously underestimated the danger.}) 20.
Rae1 Ne5 {#} 21. Rxe5 $3 {The Ukrainian demonstrates the form and energy that
brought him the title a full point ahead of the field.} Qxe5 ({If Black had
taken with} 21... fxe5 22. f6+ $1 Kf7 (22... Rxf6 23. Nh5+ Kf7 24. Rxf6+) 23.
Bc4+ Ke8 24. f7+ Kd8 25. Nd5 $1 Be6 26. Qh6 {Pinning the bishop.} d3 27. Ne3 {
And the bishop falls, since} Kd7 28. Rf6 d2 29. Bxe6+ Kc7 30. Bg4 Qc5 31. Bf3
Qc1+ 32. Nd1 Qc5+ 33. Kh1 Kd7 34. Rc6 $18) 22. Re1 Qc7 23. Qf2 Qf7 24. Qg3+ Kh6
(24... Kh8 {#was no better since White would continue with} 25. Ng6+ $3 Kg8 (
25... hxg6 26. fxg6 Qd7 (26... Qg7 27. Qh4+ Kg8 28. Bc4+) 27. Qh4+ Kg8 28. Bc4+
Kg7 29. Qh7#) 26. Nxf8+ Kxf8 27. Qd6+ Kg8 28. Bc4 Qxc4 29. Re8+ Kg7 30. Qf8#)
25. Re6 $1 Qc7 26. Qh4+ Kg7 27. Nh5+ Kh8 {#} 28. Qxf6+ $3 Rxf6 29. Re8+ Rf8 30.
Rxf8# {Some players are quite touchy about getting mated, but it is obvious
that Black was so impressed by his opponent's flawless gem that he saw no
point in denying it to him. And who can blame him?} 1-0

[Event "Biel GM 43rd"]
[Site "Biel"]
[Date "2010.07.21"]
[Round "3"]
[White "Rodshtein, Maxim"]
[Black "So, Wesley"]
[Result "0-1"]
[WhiteElo "2609"]
[BlackElo "2674"]
[Annotator "CB"]
[PlyCount "78"]
[EventDate "2010.07.19"]
[EventType "tourn"]
[EventRounds "9"]
[EventCountry "SUI"]
[EventCategory "17"]
[SourceTitle "CBM 138"]
[Source "ChessBase"]
[SourceDate "2010.09.17"]
[SourceVersion "1"]
[SourceVersionDate "2010.09.17"]
[SourceQuality "1"]

1. d4 Nf6 2. c4 g6 3. Nc3 d5 4. cxd5 Nxd5 5. e4 Nxc3 6. bxc3 Bg7 7. Bc4 c5 8.
Ne2 Nc6 9. Be3 O-O 10. O-O Na5 11. Bd3 b6 12. Qd2 e5 13. Bh6 cxd4 14. Bxg7 Kxg7
15. cxd4 exd4 16. f4 f6 17. f5 Nc6 18. Bb5 Ne5 19. Nxd4 gxf5 20. exf5 Kh8 21.
Rad1 Bb7 22. Rf4 Qd5 23. Bf1 Rg8 24. Kh1 Rad8 25. Qf2 Rg4 26. Rd2 Rdg8 27. Ne6
Qc6 28. h3 Rxf4 29. Nxf4 Qe4 30. Nh5 Qc6 31. Kh2 Qc7 32. Kh1 Qc1 33. Kh2 Qc7
34. Kh1 Qf7 35. Nf4 Be4 36. Rd6 Qg7 37. Nh5 Qh6 38. Qh4 $4 {#} Bxg2+ $1 39.
Bxg2 Qc1+ ({White is mated after} 39... Qc1+ 40. Kh2 Nf3+ 41. Bxf3 Qg1#) 0-1

[Event "POL-chT 50th"]
[Site "Lubniewice"]
[Date "1994.??.??"]
[Round "3"]
[White "Krasenkow, Michal"]
[Black "Zezulkin, Jurij"]
[Result "1-0"]
[WhiteElo "2565"]
[BlackElo "2410"]
[Annotator "Chekhov,V"]
[PlyCount "50"]
[EventDate "1994.09.22"]
[EventType "team-tourn"]
[EventRounds "11"]
[EventCountry "POL"]
[SourceTitle "CBM 044"]
[Source "ChessBase"]
[SourceDate "1995.02.01"]
[SourceVersion "1"]
[SourceVersionDate "1995.02.01"]
[SourceQuality "1"]
[WhiteTeam "Gorzow Welkopolski"]
[BlackTeam "Jasien LKS ZPD"]
[WhiteTeamCountry "POL"]
[BlackTeamCountry "POL"]

1. d4 Nf6 2. c4 g6 3. Nc3 d5 4. cxd5 Nxd5 5. e4 Nxc3 6. bxc3 Bg7 7. Bc4 c5 8.
Ne2 O-O 9. Be3 Nc6 10. Rc1 Na5 (10... cxd4 11. cxd4 Qa5+ 12. Kf1 Bg4 13. f3 Bd7
14. h4 Qa3 15. Rc3 Qb2 16. Rb3 Qxa2 17. Nc3 Qa5 18. h5 $36 {Krasenkov,
M-Schmidt,W/Lubniewice/1994/}) 11. Bd3 e5 12. dxe5 b6 13. f4 Be6 14. c4 Qc8 {N/
} (14... Qd7 15. Rc3 $5 Rad8 16. Qc1 Qb7 17. Ng3 h5 18. f5 h4 19. f6 Bh8 20.
Bb1 Qc7 21. Bf4 Nc6 22. Nf5 Nxe5 23. Ne7+ Kh7 {Ward,C-Krasenkov,M/Kobenhavn/
1992/0:1/32/} 24. Bg5 $1 Nd7 25. O-O Nxf6 26. Nd5 $1 Nxd5 27. exd5 $16 {
Krasenkov}) 15. Qc2 Rd8 16. O-O Qa6 17. f5 $1 Rxd3 18. fxe6 Rxe3 (18... Qxc4
19. Qxc4 Nxc4 20. Rxc4 Rxe3 21. exf7+ Kh8 22. Nf4 $18) 19. exf7+ Kh8 (19... Kf8
20. Qd2 $1) 20. Nf4 Nc6 (20... Qc8 21. e6 Rc3 22. Qxc3 Bxc3 23. e7 $18) (20...
Bxe5 21. Nd5 Bd4 22. f8=Q+ Rxf8 23. Rxf8+ Kg7 24. Rf2 $18) 21. Qf2 $1 Rxe4 22.
Ne6 Qc8 23. Nxg7 $18 Kxg7 24. Qf6+ Kh6 25. Rc3 Nxe5 (25... Nxe5 26. f8=Q+ Qxf8
27. Rh3+ $18) 1-0

[Event "Montreal International"]
[Site "Montreal"]
[Date "1979.04.27"]
[Round "12"]
[White "Spassky, Boris Vasilievich"]
[Black "Timman, Jan H"]
[Result "1/2-1/2"]
[WhiteElo "2640"]
[BlackElo "2625"]
[Annotator "ChessBase"]
[PlyCount "103"]
[EventDate "1979.04.11"]
[EventType "tourn"]
[EventRounds "18"]
[EventCountry "CAN"]
[EventCategory "15"]
[SourceTitle "MCL"]
[Source "ChessBase"]
[SourceDate "1999.07.01"]
[SourceVersion "1"]
[SourceVersionDate "1999.07.01"]
[SourceQuality "1"]

1. d4 Nf6 2. c4 g6 3. Nc3 d5 4. cxd5 Nxd5 5. e4 Nxc3 6. bxc3 Bg7 7. Bc4 c5 8.
Ne2 O-O 9. O-O Nc6 10. Be3 Bg4 11. f3 Na5 12. Bd5 (12. Bd3 cxd4 13. cxd4 Be6 {
main line}) (12. Bxf7+ {modern line (Karpov-Kasparov)} Rxf7 13. fxg4) 12... Bd7
13. Bg5 (13. Rb1 Qc8 14. dxc5 e6 $13 {Hort,V-Timman,J/Niksic/1978/1/2-1/2/27/})
13... Bb5 (13... cxd4 $5 14. cxd4 Bb5 {><d4}) 14. Rb1 Ba6 (14... Bxe2 15. Qxe2
cxd4 16. cxd4 Bxd4+ 17. Kh1 $36) (14... Qd7 15. Rxb5 Qxb5 16. Bxe7 $14) 15. f4
Qd7 (15... h6 $2 16. Bh4 Qd7 17. f5 gxf5 18. Ng3 $1 e6 19. Nh5 $1 Bxf1 (19...
f6 20. Rxf5 exd5 21. Bxf6 Bxf6 22. Nxf6+ Rxf6 23. Rxf6 $16 {><g6,h6} dxe4 $2
24. Qh5 $40) 20. Bf6 $1 exd5 21. Bxg7 $18) (15... cxd4 $5 16. cxd4 Qd7) 16. f5
gxf5 17. Rf3 $13 (17. Ng3 $2 e6 18. Nh5 f6 19. Rxf5 exd5 20. Bxf6 Bxf6 21.
Nxf6+ Rxf6 22. Rxf6 dxe4 $17) 17... fxe4 (17... e6 18. Rg3 $40) 18. Rg3 Bxe2 (
18... Kh8 19. Nf4 $40) 19. Qxe2 Kh8 20. Bxe4 f5 21. Bf3 cxd4 22. Bxe7 d3 (22...
Rf7 23. Rxg7 Kxg7 (23... Rxg7 $2 24. Bf6 dxc3 25. Bxc3 $14) 24. Qe5+ Kg8 25.
Bd5 Nc6 26. Bxf7+ Kxf7 27. Qf6+ Kg8 $13) 23. Bxf8 dxe2 (23... Rxf8 $2 24. Rxg7
Qxg7 25. Qxd3 $14) 24. Bxg7+ Qxg7 25. Rxg7 Kxg7 26. Kf2 (26. Bxe2 $10) 26...
Rc8 27. Kxe2 (27. Bxb7 $2 Rb8 28. Be4 e1=Q+ $19 29. Kxe1 (29. Rxe1 fxe4) 29...
Re8) (27. Rb5 $5 b6 28. Rxf5 Rxc3 29. Kxe2 Rc2+ 30. Kd3 Rxa2 31. Bd5 $10) 27...
b6 28. Rd1 (28. Rc1 $10) 28... Rxc3 29. Rd7+ Kg6 30. Rxa7 Rc2+ 31. Kd3 Rxa2 32.
Rd7 b5 33. Rd6+ Kg5 34. Rb6 $2 (34. Rd5 $1 b4 35. Be4 $10) 34... Rb2 35. g3
Rb3+ 36. Ke2 f4 37. Rd6 (37. h4+ $2 Kf5 38. g4+ Ke5 39. Rh6 Nc4 40. Rxh7 Re3+
41. Kf2 Nd2 $17) 37... fxg3 38. hxg3 Nc4 39. Rd5+ Kf6 40. Kf2 Rb2+ (40... Ne3
$1 41. Rd7 h6 42. Rh7 Kg6 43. Be4+ Kg5 44. Rg7+ Kf6 $17 {Timman}) 41. Be2 b4
42. Kf3 Ne5+ 43. Ke3 Rc2 44. Rb5 Nc4+ 45. Kd3 (45. Kf3 $10) 45... Rd2+ 46. Kxc4
Rxe2 47. Rh5 (47. Kxb4 $2 Rb2+ $19) (47. Rxb4 Re4+ $19) 47... Kg6 48. Rh4 Rg2
49. Rg4+ Kf5 50. Rh4 b3 51. Rxh7 b2 52. Rb7 1/2-1/2

[Event "New York op"]
[Site "New York"]
[Date "1989.??.??"]
[Round "9"]
[White "Polugaevsky, Lev"]
[Black "Kudrin, Sergey"]
[Result "1-0"]
[WhiteElo "2575"]
[BlackElo "2550"]
[Annotator "ChessBase"]
[PlyCount "47"]
[EventDate "1989.03.??"]
[EventType "swiss"]
[EventRounds "9"]
[EventCountry "USA"]
[SourceTitle "CBM 012"]
[Source "ChessBase"]
[SourceDate "1989.10.01"]
[SourceVersion "1"]
[SourceVersionDate "1989.10.01"]
[SourceQuality "1"]

1. d4 Nf6 2. c4 g6 3. Nc3 d5 4. cxd5 Nxd5 5. e4 Nxc3 6. bxc3 Bg7 7. Bc4 c5 8.
Ne2 Nc6 9. Be3 O-O 10. Rc1 $5 cxd4 (10... Bg4 $6 11. f3 Na5 12. Bd3 cxd4 13.
cxd4 Be6 14. d5 $1) 11. cxd4 Qa5+ 12. Kf1 $1 Bd7 (12... Bg4 13. f3 Bd7 14. h4
Rac8 15. h5 e5) 13. h4 Rac8 (13... e5 14. d5 Nd4 15. Nxd4 exd4 16. Bxd4 Bxd4
17. Qxd4 Rac8 18. Ke2 $16 {Polugaevsky,L-Kortschnoj,V/Haninge/1989/ -> CBM13})
(13... Rfd8 {14...Be8}) (13... Rfc8 $5 {N} 14. h5 Nd8 $6 15. hxg6 hxg6 16. Bd2
$2 {>= 16.Qd3! +/=} Qa4 {Nogueiras,J-Ljubojevic,L/Barcelona WCup/1989/0-1/45/
-> CBM 12}) 14. h5 e5 (14... e6 15. hxg6 hxg6 16. e5 Ne7 17. Qd3 Rfe8 $5 18.
Bd2 $1 Qa4 19. Bb3 $1 Rxc1+ 20. Bxc1 $16 Qb4 21. Qh3 $18 {Gruenberg,H-Gauglitz,
G/DDR-ch Zittau/1989/1-0/49/ -> CBM 12}) 15. hxg6 hxg6 16. d5 $1 Nd4 17. Nxd4
Rxc4 (17... exd4 18. Bxd4 Rxc4 (18... Bb5 19. Bxg7 Bxc4+ 20. Rxc4 $18) 19. Rxc4
Qa6 20. Qd3) 18. Rxc4 Qa6 19. Qd3 $1 exd4 20. Bxd4 Bb5 21. Qh3 $1 Bxc4+ 22. Kg1
f6 23. Qh7+ Kf7 24. Rh6 $1 {/\ 25.Rxg6; 24...Rh8 25.Qxg6 Kf8 26.Bc5+} 1-0

[Event "Paris FIDE GP"]
[Site "Elancourt"]
[Date "2013.10.04"]
[Round "11"]
[White "Bacrot, Etienne"]
[Black "Grischuk, Alexander"]
[Result "1/2-1/2"]
[WhiteElo "2723"]
[BlackElo "2785"]
[Annotator "ChessBase Website"]
[PlyCount "31"]
[EventDate "2013.09.22"]
[EventType "tourn"]
[EventRounds "11"]
[EventCountry "FRA"]
[EventCategory "20"]
[SourceTitle "CBM 157"]
[Source "ChessBase"]
[SourceDate "2013.11.12"]
[SourceVersion "1"]
[SourceVersionDate "2013.11.12"]
[SourceQuality "1"]
[TimeControl "40/7200:20/3600:900+30"]
[WhiteClock "2:00:00"]
[BlackClock "2:00:00"]

1. d4 {[%emt 0:00:02]} Nf6 {[%emt 0:00:09]} 2. c4 {[%emt 0:00:06]} g6 {[%emt 0:
00:29]} 3. Nc3 {[%emt 0:00:07]} d5 {[%emt 0:00:04]} 4. cxd5 {[%emt 0:00:09]}
Nxd5 {[%emt 0:00:04]} 5. e4 {[%emt 0:00:06]} Nxc3 {[%emt 0:00:04]} 6. bxc3 {
[%emt 0:00:06]} Bg7 {[%emt 0:00:03]} 7. Bc4 {[%emt 0:00:08]} c5 {[%emt 0:00:43]
} 8. Ne2 {[%emt 0:00:08]} Nc6 {[%emt 0:00:23]} 9. Be3 {[%emt 0:00:15]} O-O {
[%emt 0:00:17]} 10. O-O {[%emt 0:00:08]} Bg4 {[%emt 0:03:54]} 11. f3 {[%emt 0:
00:40]} Bd7 {[%emt 0:00:06]} 12. Rb1 {[%emt 0:01:34]} Qc7 {[%emt 0:06:23]} 13.
Bf4 {[%emt 0:12:34] A totally unnecessary repetition starting on move 13
allowed these players to bypass Sophia rules and the game was drawn.} Qc8 {
[%emt 0:13:11]} 14. Be3 $146 {[%emt 0:09:19]} (14. Rc1 Qd8 15. Qd2 cxd4 16.
cxd4 Qa5 17. Qxa5 Nxa5 18. Bd3 Rfc8 19. Rb1 a6 20. Rfc1 Rxc1+ 21. Rxc1 Rc8 22.
Bc7 Nc6 23. Bb6 e6 24. Kf2 Bf8 25. g4 Be7 26. Ke3 e5 27. dxe5 Nxe5 28. Rxc8+
Bxc8 29. Nc3 Be6 30. Be2 g5 31. Nd5 Kf8 32. Nxe7 Kxe7 33. a3 Nc4+ {1/2-1/2 (33)
Bacrot,E (2705)-Areshchenko,A (2672) Germany 2012}) 14... Qc7 {[%emt 0:15:49]}
15. Bf4 {[%emt 0:02:48]} Qc8 {[%emt 0:02:00]} 16. Be3 {[%emt 0:00:02]} 1/2-1/2